书目信息 |
| 题名: |
顾炎武诗文选译
|
|
| 作者: | 顾炎武 著 ;李永% , 郭成韬 译注 | |
| 分册: | ||
| 出版信息: | 成都 巴蜀书社 1991.10 |
|
| 页数: | 300页 | |
| 开本: | 19cm | |
| 丛书名: | 古代文史名著选译丛书 | |
| 单 册: | ||
| 中图分类: | I214.92 , I211 | |
| 科图分类: | ||
| 主题词: | 古典诗歌--中国--清代--选集 , 古典诗歌 , 古典散文--中国--清代--选集 , 古典散文 | |
| 电子资源: | ||
| ISBN: | 7-80523-358-6 | |
| 000 | 00985oam2 2200325 450 | |
| 001 | 1531293968 | |
| 005 | 20150120084625.71 | |
| 010 | @a7-80523-358-6@dCNY2.80 | |
| 100 | @a19920527d1991 em y0chiy0110 ea | |
| 101 | 0 | @achi |
| 102 | @aCN@b510000 | |
| 105 | @af zr 000zy | |
| 200 | 1 | @a顾炎武诗文选译@9gu yan wu shi wen xuan yi@f(清)顾炎武著@g李永%,郭成韬译注 |
| 210 | @a成都@c巴蜀书社@d1991.10 | |
| 215 | @a300页@c插图@d19cm | |
| 225 | 2 | @a古代文史名著选译丛书@i宋元明清@f章培恒等主编 |
| 300 | @a国家教委古籍整理“七·五”规划重点项目 | |
| 461 | 0 | @12001 @a古代文史名著选译丛书 |
| 462 | 0 | @12001 @a宋元明清 |
| 606 | 0 | @a古典诗歌@y中国@z清代@x选集 |
| 606 | 0 | @a古典诗歌 |
| 606 | 0 | @a古典散文@y中国@z清代@x选集 |
| 606 | 0 | @a古典散文 |
| 690 | @aI214.92@v三版 | |
| 690 | @aI211@v4 | |
| 701 | 0 | @a顾炎武@9gu yan wu@4著 |
| 702 | 0 | @a李永%@9li yong you@4译注 |
| 702 | 0 | @a郭成韬@9guo cheng tao@4译注 |
| 801 | 0 | @aCN@bTSSF@c20150120 |
| 905 | @aZUCC@dI211@eJY92 | |
| 顾炎武诗文选译/(清)顾炎武著/李永%,郭成韬译注.-成都:巴蜀书社,1991.10 |
| 300页:插图;19cm.-(古代文史名著选译丛书.宋元明清/章培恒等主编) |
| 国家教委古籍整理“七·五”规划重点项目 |
| ISBN 7-80523-358-6:CNY2.80 |
| ● |
| 相关链接 |
|
|
|
|
正题名:顾炎武诗文选译
索取号:I211/JY92
 
预约/预借
| 序号 | 登录号 | 条形码 | 馆藏地/架位号 | 状态 | 备注 |
| 1 | 7836666 | 278366661 | 学院路分馆/ [索取号:I211/JY92] | 在馆 | |
| 2 | 7836667 | 278366670 | 学院路分馆/ [索取号:I211/JY92] | 在馆 |